| 000 | 01520nam0a22003011 4500 | ||
|---|---|---|---|
| 001 | rc\511049 | ||
| 005 | 20250621113108.0 | ||
| 035 | _a(NLR Aleph) 005751086 | ||
| 090 |
_a4840489 _c4840489 |
||
| 100 | _a20030616d1987 |||y0rusy50 ca | ||
| 101 | 0 | _arus | |
| 102 | _aRU | ||
| 105 | _ay ||||||||| | ||
| 200 | 1 |
_aИССЛЕДОВАНИЕ взаимодействия пограничных слоев атмосферы и океана _eАнализ соврем. состояния и оценка перспектив. направлений работ в рамках программы "Разрезы" _f[Подгот.: Р.С. Бортковский, Ю.А. Волков, А.А. Грачев и др.] _gПод ред. Ю.А. Волкова, В.Н. Лыкосова _gАН СССР и др. |
|
| 210 |
_aМ. _cБ. и. _d1987 |
||
| 215 |
_a[2], 63 с. _d19 |
||
| 300 | _aВ надзаг. также: Госкомгидромет СССР, Гос. ком. СССР по науке и технике | ||
| 300 | _aРез. на англ. яз. | ||
| 320 | _aБиблиогр.: с. 51-63 | ||
| 702 | 1 |
_aБортковский _bР. С. _gРоман Семенович _4570 |
|
| 702 | 1 |
_4340 _aВолков _bЮ. А. _cканд. физ.-мат. наук, океанология _f-2007 _gЮрий Александрович _9140415 _3RU\NLR\AUTH\770140451 |
|
| 712 | 0 | 1 | _aАН СССР |
| 801 | 0 |
_aRU _bNLR _gpsbo |
|
| 801 | 1 |
_aRU _bELAR _2rusmarc |
|
| 852 |
_aNLR _j88-4/11902 |
||
| 942 | _cBOOK | ||
| 980 | _aNB | ||